000 00592nam a2200253Ia 4500
003 OSt
005 20220912151950.0
006 a|||||r|||| 00| 0
007 ta
008 220909b |||||||| |||| 00| 0 eng d
024 _a63438
037 _cTextual
040 _aCSL
_beng
_cCSL
041 _aeng
082 _aL:47257:2, K4
100 _aGraham Ruth M
245 0 _aCytlologic diagnosis of cancer
250 _a2nd
260 _c1964
300 _ap.
_ccm.
650 _aCancer
942 _hL:47257:2, K4
_cTEXL
_2CC
999 _c78306
_d78306